[Event "XII Americas Continental-ch 2017"]
[Site "Medellin"]
[Date "2017.06.18"]
[Round "15"]
[White "Hungaski, Robert Andrew"]
[Black "Ramirez, Alejandro"]
[Result "1/2-1/2"]
[WhiteElo "2492"]
[BlackElo "2552"]
[Annotator "TA"]
[PlyCount "110"]
[EventDate "2017.??.??"]
[EventType "swiss"]
[EventCountry "COL"]
[SourceTitle "playchess.com"]
[Source "ChessBase"]
[SourceQuality "1"]

{[%evp 26,110,18,15,22,0,0,0,37,29,38,47,87,18,25,39,25,14,91,97,95,81,89,71,67,79,68,72,60,-41,-30,-105,-105,-104,-69,-134,-133,-204,-208,-189,-183,-141,-45,-41,-49,-47,0,0,0,0,0,0,0,0,0,0,0,0,0,0,0,0,0,0,0,0,0,0,0,0,0,0,0,0,0,0,0,0,0,0,0,0,0,0,0,0,0]} 1. e4 c5 2. Nf3 e6 3. d4 cxd4 4. Nxd4 Nc6 5. Nc3 Qc7 6. Ndb5 Qb8 7. Be3 a6 8. Bb6 axb5 9. Nxb5 Bb4+ 10. c3 Ba5 {B47: Sicilian: Taimanov: 5 Nc3 Qc7 6 f4, 6 g3 and 6 Be2} 11. Nc7+ Qxc7 12. Bxc7 Bxc7 13. Qg4 g6 14. Bb5 {[#] LiveBook: 16 Games} Nf6 $146 ({Predecessor:} 14... Nge7 15. Qe2 d5 16. O-O O-O 17. Rfd1 dxe4 18. Qxe4 {½-½ (34) Popov,I (2632)-Gagunashvili,M (2601) Denizli 2013}) 15. Qe2 O-O 16. O-O e5 17. Rfd1 d6 18. a4 Be6 19. b4 (19. Bc4 $16) 19... d5 $11 20. exd5 Nxd5 21. Rac1 Rfd8 (21... Bd8 $11 {keeps the balance.}) 22. a5 $16 Nce7 23. g3 Rac8 24. a6 bxa6 25. Bxa6 Rb8 26. Bc4 h5 27. Qa2 (27. Qe1 $14) 27... e4 $15 28. Rd4 (28. Re1 $11) 28... e3 $1 $17 {[%cal Re3f2]} 29. fxe3 {[#] Threatens to win with Rcd1.} Bb6 $1 30. Qd2 {[#]} ({White should try} 30. Qb3 $15) 30... Nf5 $1 {[%cal Rf5e3]} ({But not} 30... Bxd4 $6 31. exd4 Nf5 32. Bb3 $11) 31. Bxd5 (31. Re1 $17) 31... Nxd4 $19 32. exd4 {Hoping for Bxe6.} Rxd5 ({Don't do} 32... Bxd5 33. c4 $15) 33. Re1 Rc8 (33... Ra8 $17 34. Qh6 Rd6) 34. Rxe6 $1 $15 fxe6 35. Qh6 Kf7 (35... Rc6 $5 {[%cal Re6e5]} 36. Qxg6+ Kf8 $15) 36. Qh7+ {The position is equal.} Kf6 37. Qb7 {[#]} Bxd4+ $1 38. cxd4 $11 {[%mdl 4096] Endgame KQ-KRR} Rc1+ 39. Kf2 Rxd4 40. Qb8 Rdc4 41. Qf8+ Ke5 42. Qg7+ Kd6 43. Qxg6 R1c2+ 44. Ke3 h4 45. gxh4 R2c3+ 46. Kd2 Rh3 47. Qf6 Rhxh4 48. Qd8+ Ke5 49. Qg5+ Kd6 50. Qd8+ Kc6 51. Qc8+ (51. b5+ $5 Kxb5 52. Qd7+ Kb4 53. Qd6+ Kb5 54. Qxe6 $11) 51... Kd5 52. Qd8+ Ke5 {( -> ...Rcd4+)} 53. Qg5+ Kd6 54. Qd8+ Kc6 55. Qc8+ Kd5 {Precision: White = 68%, Black = 70%.} 1/2-1/2

[Event "XII Americas Continental-ch 2017"]
[Site "Medellin"]
[Date "2017.06.18"]
[Round "16"]
[White "Fier, Alexandr"]
[Black "Iturrizaga Bonelli, Eduardo"]
[Result "1-0"]
[WhiteElo "2576"]
[BlackElo "2663"]
[Annotator "TA"]
[PlyCount "97"]
[EventDate "2017.??.??"]
[EventType "swiss"]
[EventCountry "COL"]
[SourceTitle "playchess.com"]
[Source "ChessBase"]
[SourceQuality "1"]

{[%evp 10,97,36,15,30,25,52,46,63,56,47,25,71,58,58,62,31,9,66,20,41,17,33,28,72,20,17,15,18,10,24,10,29,20,15,19,51,41,83,45,94,62,84,74,70,86,260,250,447,475,575,562,504,432,389,238,767,572,29987,472,448,458,532,535,504,489,693,679,807,726,568,384,317,0,12831,12831,12832,12832,12831,476,1278,1253,12837,0,415,0,29988,29989,29991,29992]} 1. d4 Nf6 2. Nf3 b6 3. c4 Bb7 4. Nc3 d5 5. cxd5 Nxd5 6. e3 {[%cal Be2e3,Be3e4][%mdl 32] LiveBook: 6 Games. A50: Queen's Fianchetto Defence (1 d4 Nf6 2 c4 b6)} Nxc3 (6... g6 7. Bb5+ c6 8. Bd3 Bg7 9. O-O O-O 10. Na4 Nd7 11. e4 Nc7 12. Bf4 Ne6 13. Be3 c5 14. dxc5 Ndxc5 15. Nxc5 bxc5 {0-1 (43) Gajewski,G (2654)-Mamedyarov,S (2736) Berlin 2015}) 7. bxc3 g6 8. h4 {White is slightly better.} h6 $146 ({Predecessor:} 8... Bg7 9. h5 O-O 10. Bd3 Nd7 11. Qb3 Bxf3 12. gxf3 Nc5 13. Qc2 Nxd3+ 14. Qxd3 {1-0 (36) Frank,W (1982)-Buerger,H (1687) Ellwangen 2003}) 9. Bb5+ c6 10. Bd3 Nd7 11. e4 e5 12. a4 (12. dxe5 Bg7 $11) 12... Bg7 13. Be3 Qe7 (13... exd4 $11 14. cxd4 c5) 14. h5 g5 15. a5 O-O 16. O-O Kh8 17. axb6 ({White should play} 17. Qe2 $16) 17... axb6 $11 18. Rxa8 Rxa8 19. Qb3 Ra3 20. Qb2 b5 21. Ra1 Rxa1+ 22. Qxa1 exd4 23. Nxd4 Qd6 {Hoping for ...c5.} 24. Qa7 Qc7 25. Be2 Be5 26. Nf5 $36 {[%mdl 2048] White has strong initiative.} Kh7 27. Bd4 {Qa2 is the strong threat.} Bxd4 $2 (27... Bh2+ $16 {is a better defense.} 28. Kh1 c5 29. Bxb5 (29. Qa2 Ne5 $15) 29... Bxe4 30. Qxc7 Bxc7 31. Bxd7 cxd4 32. Nxd4 Kg7) 28. cxd4 $18 ({But not} 28. Qxd4 $6 f6 $16) 28... Nf8 $2 (28... c5 {was called for.} 29. Bxb5 cxd4 30. Qxd4 Ne5) 29. e5 Ne6 30. Nd6 Nd8 31. Bd3+ Kg8 32. Qc5 {Strongly threatening Bb1.} Qd7 $2 (32... Ne6 33. Qa7 Nd8) 33. Bf5 Qc7 34. Be4 (34. Ne4 $142 Kg7 35. Nf6 Qa5 36. Nd7 Ne6 37. Bxe6 Qd8 38. Bf5 Bc8 39. e6) 34... Qa5 {intending ...Qe1+.} 35. g3 ({Weaker is} 35. Nxb7 Qe1+ 36. Kh2 Qxf2 $11) 35... Bc8 36. Nxc8 {aiming for Ne7+.} Qe1+ 37. Kh2 {White threatens Ne7+ and mate.} Qxe4 (37... Qxf2+ $142 38. Bg2 Qe2 39. Ne7+ Kh7) 38. Qe7 $1 {[%cal Re7d8]} Qxd4 39. Qf6 Kh7 40. Qf5+ Kg8 {[#]} 41. Qf6 $2 (41. Nd6 $1 $18) 41... Qd7 $2 {[%mdl 8192]} (41... Kh7 $11) 42. Ne7+ Kh7 43. Nf5 {[%csl Gf5][%cal Rf6g7]} Ne6 44. Qxh6+ (44. Nxh6 $142 Nd8 45. Qxg5) 44... Kg8 {If only Black now had time for ...Qd8....} 45. Qf6 {White wants to mate with Nh6+.} Kh7 46. Qh6+ (46. Nd6 $142 Kg8 47. h6) 46... Kg8 {[#] and the idea ...Qd8 leaves Black hopeful.} 47. Qf6 $2 (47. Nd6 $1 $18 {[%cal Rd6e4] And now Ne4 would win.} Nc5 48. e6 Qxe6 49. Qxg5+ Kh8 50. Qxc5) 47... Qa7 $2 {[%mdl 8192]} (47... Kh7 $11 48. h6 c5) 48. Ne7+ Kf8 49. Nxc6 {Precision: White = 52%, Black = 33%.} 1-0

[Event "XII Americas Continental-ch 2017"]
[Site "Medellin"]
[Date "2017.06.18"]
[Round "16"]
[White "Ramirez, Alejandro"]
[Black "Kaidanov, Gregory S"]
[Result "1-0"]
[WhiteElo "2552"]
[BlackElo "2550"]
[Annotator "TA"]
[PlyCount "69"]
[EventDate "2017.??.??"]
[EventType "swiss"]
[EventCountry "COL"]
[SourceTitle "playchess.com"]
[Source "ChessBase"]
[SourceQuality "1"]

{[%evp 13,69,0,0,0,4,0,30,36,29,42,26,17,49,57,47,52,48,46,63,59,51,29,37,39,41,38,118,107,127,96,79,79,119,121,160,161,160,147,223,143,150,133,140,143,137,136,313,302,491,504,686,427,836,832,1008,987,943,924]} 1. Nf3 d5 2. c4 e6 3. b3 Nf6 4. g3 c5 5. Bg2 Nc6 6. cxd5 {A13: English Opening: 1...e6} (6. O-O Be7 7. Bb2 O-O 8. e3 b6 9. Qe2 Bb7 10. Rd1 Qc7 11. Nc3 Rac8 12. cxd5 Nxd5 13. Nxd5 exd5 14. d4 Rfd8 15. Rac1 Bf8 16. dxc5 bxc5 17. Nh4 Nb4 18. Qg4 Nxa2 19. Ra1 Nb4 20. Rxa7 {1-0 (29) Kramnik,V (2772)-Jakovenko,D (2736) Moscow 2009}) (6. O-O d4 7. e3 Be7 8. exd4 cxd4 9. d3 O-O 10. Na3 e5 11. Nc2 Bf5 12. Re1 Qc7 13. b4 e4 14. Bf4 Qd8 15. dxe4 Bxe4 {1-0 (33) Ramirez,A (2594)-Kaidanov,G (2569) Saint Louis 2011}) 6... exd5 7. d4 cxd4 {LiveBook: 5 Games} 8. Nxd4 {The position is equal.} Bb4+ 9. Bd2 Qb6 (9... Bd6 {keeps more tension.} 10. Bc3 O-O 11. O-O Re8 12. e3 Bg4) 10. Nxc6 bxc6 11. O-O O-O $146 ({Predecessor:} 11... Bf5 12. Nc3 O-O 13. Na4 Qb5 14. Bxb4 Qxb4 {½-½ (62) Krutti,V (2357)-Balogh,C (2235) Budapest 1999}) 12. Nc3 Re8 13. Na4 Qb5 14. Bxb4 Qxb4 15. Qc2 Bg4 16. e3 $1 Rac8 17. Rfc1 d4 18. exd4 Qxd4 19. Qc5 (19. Qc3 $5 {[%cal Rc3d4]} Qd6 20. Qa5 $14) 19... Qd2 ({Better is} 19... Qd7 $14) 20. h3 $36 {[%mdl 2048] White is really pushing.} Be6 21. Rd1 Qh6 22. Rd4 {[%cal Bd1d4,Bd4f4,Bf4e4,Be4e5,Be5e6][%mdl 32]} Bd5 23. Nc3 Nd7 24. Qxa7 Bxg2 25. Kxg2 Ne5 (25... Nf8 $16 {might work better.}) 26. Qa6 Nf3 27. Rf4 Ng5 28. h4 Ne6 29. Re4 f5 $2 {[#]} (29... c5 $16 30. Rae1 Red8) 30. Re5 $18 Kh8 $2 (30... f4 {was worth a try.} 31. Rae1 Nc7 32. Qc4+ Kh8 33. Rxe8+ Nxe8) 31. Rae1 {White is clearly winning.} Rcd8 32. Qc4 Rd6 (32... Nc7 $142 33. Qf7 Rxe5 34. Rxe5 Qd6) 33. Na4 f4 34. Nc5 fxg3 35. Rxe6 {Precision: White = 88%, Black = 29%.} 1-0

[Event "XII Americas Continental-ch 2017"]
[Site "Medellin"]
[Date "2017.06.18"]
[Round "16"]
[White "Vera Siguenas, Deivy"]
[Black "Hungaski, Robert Andrew"]
[Result "1/2-1/2"]
[WhiteElo "2526"]
[BlackElo "2492"]
[Annotator "TA"]
[PlyCount "19"]
[EventDate "2017.??.??"]
[EventType "swiss"]
[EventCountry "COL"]
[SourceTitle "playchess.com"]
[Source "ChessBase"]
[SourceQuality "1"]

{[%evp 10,19,8,11,4,0,0,-10,0,0,16,10]} 1. e4 e5 2. Nf3 Nc6 3. Be2 Nf6 4. d3 Bc5 5. O-O d6 6. c3 {The position is equal.} a6 {C44: Ponziani Opening and Scotch Gambit} 7. b4 (7. d4 Ba7 8. dxe5 Nxe5 9. Nxe5 dxe5 10. Qxd8+ Kxd8 11. Bg5 h6 12. Bxf6+ gxf6 13. Nd2 {½-½ (51) Blomqvist,E (2496)-Grandelius,N (2588) Borlange 2014}) 7... Ba7 8. Na3 h6 9. Nc4 O-O 10. Be3 $146 ({Predecessor:} 10. a3 d5 11. Ncd2 Qe7 12. Qc2 dxe4 13. dxe4 Nh5 14. Nc4 {½-½ (41) Dostan,J (2315)-Palvolgyi,I (2212) Hungary 2007}) 1/2-1/2